000 00669nam a2200241Ia 4500
003 OSt
005 20220926022139.0
006 a|||||r|||| 00| 0
007 ta
008 220923b |||||||| |||| 00| 0 eng d
037 _cGeneral Book
040 _aRTL
_cRTL
_beng
041 _2eng
_aeng
082 _am1N45.N77, L7.6/UN
110 _aUNITED NATIONS
245 0 _aUNDEX
_b United Nations documents index
260 _aNew York
_bUnited Nations
_c1977
300 _av,247p.
_ccm.
490 _vVol.6
_aSeries A- subject index
700 _aUNITED NATIONS
942 _hm1N45.N77, L7.6/UN
_cGB
_2CC
999 _c638670
_d638670